Finančné predpisy pre školy a školské zariadenia
Vnútorné predpisy upravujúce oblasť financií, účtovníctva a majetku, ktoré patria k najdôležitejším vnútorným riadiacim aktom. Finančné predpisy pre školy a školské zariadenia sú dôležité pri plánovaní, rozpočtovaní, účtovaní a vo výkazníctve verejných financií, ktorého cieľom je efektívne, účinné a...
Salvato in:
| Autore principale: | |
|---|---|
| Natura: | Capitolo di libro |
| Lingua: | slovacco |
| Soggetti: | |
| Tags: |
Nessun Tag, puoi essere il primo ad aggiungerne!!
|
MARC
| LEADER | 00000naa a2200000 4500 | ||
|---|---|---|---|
| 001 | 0261838 | ||
| 005 | 20200129101725.1 | ||
| 041 | 0 | |a slo | |
| 044 | |a SK | ||
| 245 | 1 | 0 | |a Finančné predpisy pre školy a školské zariadenia |c Ingrid Konečná Veverková |
| 520 | |a Vnútorné predpisy upravujúce oblasť financií, účtovníctva a majetku, ktoré patria k najdôležitejším vnútorným riadiacim aktom. Finančné predpisy pre školy a školské zariadenia sú dôležité pri plánovaní, rozpočtovaní, účtovaní a vo výkazníctve verejných financií, ktorého cieľom je efektívne, účinné a účelné hospodárenie. | ||
| 610 | 2 | 0 | |a predpisy |
| 610 | 2 | 0 | |a financie |
| 610 | 2 | 0 | |a rozpory hospodárske |
| 610 | 2 | 0 | |a školy |
| 610 | 2 | 0 | |a zariadenia školské |
| 100 | 1 | |a Konečná Veverková, Ingrid | |